000 00536nam a2200181Ia 4500
005 20250508162102.0
008 008 250505s9999 xx 000 0 eng d
037 _aReference
040 _aFEDL
_beng
_cFEDL
041 _aeng
_2eng
084 _a370.1544, THY
_qFEDL
100 _aThyne James M
_9767523
245 0 _aPsychology of learning and technique of teaching
260 _aLondon, UK
_bUniverisity of London Press Ltd.
_c1963
300 _a280p.
942 _cREF
_h370.1544, THY
999 _c1374291
_d1374291